[Event "4th ChessMates Murmansk 2020"]
[Site "Murmansk"]
[Date "2020.03.15"]
[Round "5.14"]
[White "Timoshenko, Fedor"]
[Black "Shelezhonkova, Kseniya"]
[Result "1/2-1/2"]
[WhiteElo "1621"]
[BlackElo "1552"]
[Annotator "NA RC"]
[PlyCount "89"]
[EventDate "2020.03.13"]
[EventType "team-tourn"]
[EventCountry "RUS"]
[SourceTitle "playchess.com"]
[Source "ChessBase"]
[SourceQuality "1"]
[TimeControl "5400+30"]

1. d4 {[%emt 0:00:00]} d5 {[%emt 0:00:00]} 2. Bf4 {[%emt 0:00:00]} Nf6 {[%emt 0:00:00]} 3. Nf3 {[%emt 0:00:00]} c5 {[%emt 0:00:00]} 4. c3 {[%emt 0:00:00]} Nc6 {[%emt 0:00:05]} 5. e3 {[%emt 0:00:18]} Qb6 {[%emt 0:00:43]} 6. b3 {[%emt 0:01:33]} Bf5 {[%emt 0:02:20]} 7. Bd3 {[%emt 0:04:57]} Ne4 {[%emt 0:02:15]} 8. Ne5 {[%emt 0:07:10]} cxd4 {[%emt 0:04:49]} 9. f3 {[%emt 0:04:25]} Nd6 {[%emt 0:13:49]} 10. Nxc6 {[%emt 0:06:15]} Bxd3 {[%emt 0:00:58]} 11. Qxd3 {[%emt 0:04:57]} Qxc6 {[%emt 0:01:03]} 12. Bxd6 {[%emt 0:00:43]} Qxd6 {[%emt 0:00:11]} 13. cxd4 {[%emt 0:00:09]} Qb4+ {[%emt 0:01:48]} 14. Qd2 {[%emt 0:00:21]} e6 {[%emt 0:01:02]} 15. Ke2 {[%emt 0:01:38]} Qxd2+ {[%emt 0:03:56]} 16. Nxd2 {[%emt 0:00:08]} Ba3 {[%emt 0:00:22]} 17. Rab1 {[%emt 0:02:51]} a5 {[%emt 0:07:34]} 18. b4 {[%emt 0:00:11]} Bxb4 {[%emt 0:01:34]} 19. a3 {[%emt 0:00:28]} Bxd2 {[%emt 0:00:14]} 20. Kxd2 {[%emt 0:00:07]} Ra7 {[%emt 0:04:30]} 21. Rb6 {[%emt 0:01:35]} Kd7 {[%emt 0:02:11]} 22. Rhb1 {[%emt 0:00:19]} Kc7 {[%emt 0:03:21]} 23. Kd3 {[%emt 0:00:38]} Rd8 {[%emt 0:01:50]} 24. R6b5 {[%emt 0:06:00]} Rd6 {[%emt 0:00:57]} 25. e4 {[%emt 0:00:32]} dxe4+ {[%emt 0:01:35]} 26. fxe4 {[%emt 0:01:01]} b6 {[%emt 0:00:29]} 27. Rg5 {[%emt 0:02:31]} g6 {[%emt 0:00:57]} 28. h4 {[%emt 0:00:42]} Kd8 {[%emt 0:04:07]} 29. Ke3 {[%emt 0:06:42]} Rad7 {[%emt 0:08:27]} 30. Rd1 {[%emt 0:00:20]} Ke7 {[%emt 0:02:11]} 31. h5 {[%emt 0:04:36]} Rc7 {[%emt 0:05:07]} 32. Rd3 {[%emt 0:00:57]} Rc2 {[%emt 0:01:45]} 33. hxg6 {[%emt 0:00:51]} hxg6 {[%emt 0:00:07]} 34. g3 {[%emt 0:00:16]} Rb2 {[%emt 0:03:01]} 35. Rc3 {[%emt 0:02:02]} Kd7 {[%emt 0:02:21]} 36. d5 {[%emt 0:00:36]} exd5 {[%emt 0:02:13]} 37. exd5 {[%emt 0:00:10]} b5 {[%emt 0:00:24]} 38. Kd4 {[%emt 0:01:28]} b4 {[%emt 0:04:37]} 39. axb4 {[%emt 0:00:23]} axb4 {[%emt 0:00:02]} 40. Rf3 {[%emt 0:00:14]} f5 {[%emt 0:00:45]} 41. g4 {[%emt 0:00:11]} Rd2+ {[%emt 0:09:13]} 42. Kc4 {[%emt 0:00:45]} R2xd5 {[%emt 0:00:34]} 43. gxf5 {[%emt 0:00:12]} Rxf5 {[%emt 0:02:02]} 44. Rfxf5 {[%emt 0:00:35]} gxf5 {[%emt 0:00:06]} 45. Rxf5 {[%emt 0:00:15]} 1/2-1/2

[Event "4th ChessMates Murmansk 2020"]
[Site "Murmansk"]
[Date "2020.03.15"]
[Round "5.15"]
[White "Gorlov, Artem"]
[Black "Putar, Lara"]
[Result "1-0"]
[WhiteElo "1912"]
[BlackElo "1799"]
[Annotator "TA"]
[PlyCount "77"]
[EventDate "2020.03.13"]
[EventType "team-tourn"]
[EventCountry "RUS"]
[SourceTitle "playchess.com"]
[Source "ChessBase"]
[SourceQuality "1"]

{[%evp 9,77,-11,20,27,26,5,25,0,18,8,91,86,139,149,137,136,127,89,108,37,199,52,151,150,181,182,195,204,216,204,263,263,267,252,287,237,344,342,360,314,299,254,374,371,363,360,374,365,412,396,416,419,418,378,403,399,380,385,464,453,476,459,579,566,830,797,1265,994,1322,1254]} 1. d4 Nf6 2. c4 g6 3. Nc3 d5 4. Bg5 Ne4 5. Qc1 Nxc3 6. bxc3 {D80: Grünfeld: Unusual White 4th moves and 4 Bg5.} c5 7. Nf3 Bg7 8. Bh6 {White has an edge.} O-O 9. h4 {[#]} cxd4 $146 (9... Bxh6 $11 {keeps the balance.} 10. Qxh6 f6) ({Predecessor:} 9... f6 10. Bxg7 Kxg7 11. Rb1 cxd4 12. cxd4 Nc6 13. Qc3 a6 14. e3 Rb8 15. cxd5 Qxd5 {0-1 (29) Eniashin,K-Dvoretska,O (2166) Kharkov 2004}) 10. h5 {[#] Black must now prevent Bxg7.} Qd6 (10... Qa5 $142 11. Bxg7 Kxg7) 11. Bxg7 $16 (11. Nxd4 $6 dxc4 12. Bxg7 Kxg7 $11) (11. cxd4 $6 Qb4+ 12. Qd2 Qxd2+ 13. Bxd2 dxc4 $11) 11... Kxg7 12. hxg6 ({Much weaker is} 12. Nxd4 $6 dxc4 13. e4 (13. hxg6 Qxg6 14. Qf4 Nc6 $11) 13... Nc6 $11) 12... Qxg6 13. Ne5 $36 {[%mdl 2048] Keeping Black busy.} Qf6 14. cxd4 ({White should try} 14. cxd5 $16 dxc3 15. Rh5 (15. Qxc3 Nd7 $14)) 14... Rh8 $2 ({Better is} 14... Nc6 $14) 15. g4 ({Only move:} 15. cxd5 $18 {Strongly threatening Rb1.} h5 16. e4) 15... Nd7 {[#]} (15... Nc6 $14) 16. Rh5 $1 {[%cal Rh5f5] aiming for Rf5.} Nxe5 17. dxe5 Qb6 18. cxd5 Qb4+ 19. Qd2 ({Weaker is} 19. Kd1 h6 $14) 19... Qxd2+ 20. Kxd2 h6 21. f3 b5 22. Rc1 Rb8 (22... Bd7 $142 23. e4 Rac8) 23. e4 $18 b4 24. Rc7 Rb7 25. Rc5 b3 (25... Bd7 $142 26. Ke3 Rc8 27. Rxc8 Bxc8) 26. axb3 Rxb3 27. Bd3 Rd8 28. Rh1 Rb2+ 29. Ke3 Rb3 30. Ra1 a6 31. Ke2 Rb2+ 32. Rc2 Rxc2+ 33. Bxc2 {[%mdl 4096] Endgame KRB-KRB} Kg6 34. Bd3 {White is clearly winning.} Bb7 35. Rb1 Rd7 36. Rb6+ Kg5 37. Ke3 a5 38. Bb5 Rc7 39. d6 {Accuracy: White = 77%, Black = 39%.} 1-0

[Event "4th ChessMates Murmansk 2020"]
[Site "Murmansk"]
[Date "2020.03.15"]
[Round "5.16"]
[White "Solovyev, Vladislav B."]
[Black "Shilnikov, Anton"]
[Result "0-1"]
[WhiteElo "1410"]
[BlackElo "1769"]
[Annotator "NA RC"]
[PlyCount "126"]
[EventDate "2020.03.13"]
[EventType "team-tourn"]
[EventCountry "RUS"]
[SourceTitle "playchess.com"]
[Source "ChessBase"]
[SourceQuality "1"]
[TimeControl "5400+30"]

1. e4 {[%emt 0:00:00]} e6 {[%emt 0:00:00]} 2. d4 {[%emt 0:00:00]} d5 {[%emt 0:00:00]} 3. Nd2 {[%emt 0:00:00]} Nf6 {[%emt 0:00:00]} 4. e5 {[%emt 0:00:00]} Nfd7 {[%emt 0:00:00]} 5. Bd3 {[%emt 0:00:00]} c5 {[%emt 0:00:00]} 6. c3 {[%emt 0:00:00]} Nc6 {[%emt 0:00:01]} 7. Ndf3 {[%emt 0:00:00]} cxd4 {[%emt 0:00:35]} 8. cxd4 {[%emt 0:00:03]} f6 {[%emt 0:00:24]} 9. Ng5 {[%emt 0:07:15]} Bb4+ {[%emt 0:03:38]} 10. Kf1 {[%emt 0:03:21]} fxg5 {[%emt 0:01:42]} 11. Qh5+ {[%emt 0:00:06]} Kf8 {[%emt 0:00:06]} 12. Bxh7 {[%emt 0:06:05]} Qe8 {[%emt 0:01:51]} 13. Qxe8+ {[%emt 0:01:33]} Kxe8 {[%emt 0:00:09]} 14. Bg6+ {[%emt 0:00:02]} Kd8 {[%emt 0:03:23]} 15. Bxg5+ {[%emt 0:01:55]} Be7 {[%emt 0:00:10]} 16. Be3 {[%emt 0:00:10]} b6 {[%emt 0:00:06]} 17. Nf3 {[%emt 0:02:35]} Ba6+ {[%emt 0:00:53]} 18. Ke1 {[%emt 0:00:04]} Nb4 {[%emt 0:01:03]} 19. Kd2 {[%emt 0:00:48]} Rc8 {[%emt 0:02:16]} 20. a3 {[%emt 0:00:06]} Nc6 {[%emt 0:00:06]} 21. b4 {[%emt 0:06:50]} Bc4 {[%emt 0:00:22]} 22. Ng5 {[%emt 0:02:33]} Bxg5 {[%emt 0:00:20]} 23. Bxg5+ {[%emt 0:00:03]} Kc7 {[%emt 0:00:10]} 24. Ke3 {[%emt 0:00:18]} Kb7 {[%emt 0:02:26]} 25. h4 {[%emt 0:00:12]} a5 {[%emt 0:00:35]} 26. Rhb1 {[%emt 0:02:13]} axb4 {[%emt 0:00:26]} 27. axb4 {[%emt 0:00:04]} Ra8 {[%emt 0:01:22]} 28. b5 {[%emt 0:00:56]} Na5 {[%emt 0:00:50]} 29. Bd3 {[%emt 0:02:03]} Bxd3 {[%emt 0:02:28]} 30. Kxd3 {[%emt 0:00:05]} Nc4 {[%emt 0:00:06]} 31. g4 {[%emt 0:00:31]} Ndxe5+ {[%emt 0:07:49]} 32. dxe5 {[%emt 0:01:24]} Nxe5+ {[%emt 0:00:04]} 33. Kd4 {[%emt 0:01:30]} Nxg4 {[%emt 0:00:09]} 34. f3 {[%emt 0:00:13]} Nh6 {[%emt 0:01:53]} 35. Ke5 {[%emt 0:03:05]} Rae8 {[%emt 0:02:28]} 36. Kd6 {[%emt 0:00:28]} Nf7+ {[%emt 0:01:08]} 37. Kd7 {[%emt 0:00:45]} Ne5+ {[%emt 0:05:51]} 38. Kd6 {[%emt 0:00:10]} Nxf3 {[%emt 0:00:22]} 39. Rc1 {[%emt 0:00:46]} Nd4 {[%emt 0:05:31]} 40. Rab1 {[%emt 0:01:10]} Rc8 {[%emt 0:04:40]} 41. Rd1 {[%emt 0:00:18]} Rc4 {[%emt 0:00:55]} 42. Ke5 {[%emt 0:00:22]} Ne2 {[%emt 0:05:27]} 43. Rd3 {[%emt 0:03:45]} Nc3 {[%emt 0:02:37]} 44. Rb3 {[%emt 0:02:17]} Na4 {[%emt 0:01:14]} 45. Rf3 {[%emt 0:00:15]} Rc7 {[%emt 0:05:18]} 46. Be3 {[%emt 0:03:43]} Rxh4 {[%emt 0:01:47]} 47. Kxe6 {[%emt 0:00:08]} d4 {[%emt 0:00:11]} 48. Bg5 {[%emt 0:02:19]} Nc5+ {[%emt 0:08:45]} 49. Kf5 {[%emt 0:02:26]} Nxb3 {[%emt 0:01:22]} 50. Bxh4 {[%emt 0:00:07]} Rf7+ {[%emt 0:00:41]} 51. Kg4 Rxf3 {[%emt 0:00:06]} 52. Kxf3 {[%emt 0:00:12]} d3 {[%emt 0:00:06]} 53. Bd8 {[%emt 0:00:57]} d2 {[%emt 0:02:14]} 54. Ke2 {[%emt 0:00:03]} Nd4+ {[%emt 0:00:24]} 55. Kxd2 {[%emt 0:00:12]} Nxb5 {[%emt 0:00:02]} 56. Ke3 {[%emt 0:00:16]} Nd6 {[%emt 0:01:03]} 57. Kf4 {[%emt 0:00:41]} b5 {[%emt 0:00:23]} 58. Ba5 {[%emt 0:00:20]} Kc6 {[%emt 0:00:19]} 59. Kg5 {[%emt 0:00:05]} Kc5 {[%emt 0:01:34]} 60. Kg6 {[%emt 0:00:44]} Ne8 {[%emt 0:00:21]} 61. Kf7 {[%emt 0:00:17]} b4 {[%emt 0:00:26]} 62. Kxe8 {[%emt 0:00:55]} b3 {[%emt 0:00:07]} 63. Bc3 {[%emt 0:00:04]} g5 {[%emt 0:00:09]} 0-1

[Event "4th ChessMates Murmansk 2020"]
[Site "Murmansk"]
[Date "2020.03.15"]
[Round "5.17"]
[White "Baranov, Ivan"]
[Black "Iarovoi, Dmitrii"]
[Result "1-0"]
[WhiteElo "1671"]
[BlackElo "1346"]
[Annotator "NA RC"]
[PlyCount "122"]
[EventDate "2020.03.13"]
[EventType "team-tourn"]
[EventCountry "RUS"]
[SourceTitle "playchess.com"]
[Source "ChessBase"]
[SourceQuality "1"]
[TimeControl "5400+30"]

1. d4 {[%emt 0:00:00]} g6 {[%emt 0:00:00]} 2. c4 {[%emt 0:00:00]} Bg7 {[%emt 0:00:00]} 3. Nc3 {[%emt 0:00:01]} a6 {[%emt 0:00:00]} 4. e4 {[%emt 0:00:52]} d6 {[%emt 0:00:00]} 5. Be3 {[%emt 0:00:11]} Nf6 {[%emt 0:00:06]} 6. f3 {[%emt 0:00:04]} c6 {[%emt 0:00:34]} 7. Qd2 {[%emt 0:02:37]} h5 {[%emt 0:00:15]} 8. d5 {[%emt 0:08:10]} c5 {[%emt 0:03:13]} 9. h4 {[%emt 0:06:11]} Nbd7 {[%emt 0:03:00]} 10. Nh3 {[%emt 0:05:15]} Rb8 {[%emt 0:01:13]} 11. Nf2 {[%emt 0:00:19]} Ne5 {[%emt 0:02:37]} 12. Be2 {[%emt 0:21:56]} Qc7 {[%emt 0:02:27]} 13. a3 {[%emt 0:00:24]} Bd7 {[%emt 0:01:24]} 14. O-O {[%emt 0:02:36]} b5 {[%emt 0:02:11]} 15. cxb5 {[%emt 0:04:19]} Bxb5 {[%emt 0:03:03]} 16. Nxb5 {[%emt 0:00:41]} axb5 {[%emt 0:00:01]} 17. Rfc1 {[%emt 0:03:50]} Nfd7 {[%emt 0:04:46]} 18. Rab1 {[%emt 0:01:10]} Qb7 {[%emt 0:04:55]} 19. b4 {[%emt 0:07:31]} Nc4 {[%emt 0:08:03]} 20. Bxc4 {[%emt 0:01:30]} bxc4 {[%emt 0:00:22]} 21. Rxc4 {[%emt 0:00:36]} Qa6 {[%emt 0:01:08]} 22. Rbc1 {[%emt 0:07:34]} Qxa3 {[%emt 0:34:51]} 23. bxc5 {[%emt 0:02:17]} dxc5 {[%emt 0:02:53]} 24. Bxc5 {[%emt 0:04:31]} Nxc5 {[%emt 0:00:01]} 25. Rxc5 {[%emt 0:00:03]} O-O {[%emt 0:00:12]} 26. Kh2 {[%emt 0:03:37]} Kh7 {[%emt 0:02:18]} 27. f4 {[%emt 0:00:44]} Bf6 {[%emt 0:00:45]} 28. e5 {[%emt 0:02:30]} Bxh4 {[%emt 0:00:11]} 29. R5c3 {[%emt 0:00:15]} Rb2 {[%emt 0:01:53]} 30. Rxa3 {[%emt 0:01:20]} Rxd2 {[%emt 0:00:01]} 31. Ne4 {[%emt 0:00:46]} Re2 {[%emt 0:01:14]} 32. Ra4 {[%emt 0:02:03]} Be1 {[%emt 0:01:38]} 33. Rc7 {[%emt 0:00:40]} Bh4 {[%emt 0:02:38]} 34. Kh3 {[%emt 0:00:27]} Rb8 {[%emt 0:05:53]} 35. Kxh4 {[%emt 0:02:26]} Rxg2 {[%emt 0:00:05]} 36. Ng5+ {[%emt 0:01:08]} Kg7 {[%emt 0:01:11]} 37. Rc3 {[%emt 0:01:51]} Rb1 {[%emt 0:00:32]} 38. Rg3 {[%emt 0:01:22]} Rf2 {[%emt 0:03:49]} 39. Rd4 {[%emt 0:00:40]} f6 {[%emt 0:00:35]} 40. exf6+ {[%emt 0:00:20]} exf6 {[%emt 0:00:06]} 41. Nh3 {[%emt 0:00:22]} Rc2 {[%emt 0:02:19]} 42. d6 {[%emt 0:00:08]} Rc8 {[%emt 0:00:01]} 43. d7 {[%emt 0:01:27]} Rd8 {[%emt 0:00:01]} 44. f5 {[%emt 0:00:16]} g5+ {[%emt 0:00:10]} 45. Nxg5 {[%emt 0:00:02]} fxg5+ {[%emt 0:00:14]} 46. Kxg5 {[%emt 0:00:04]} Rb5 {[%emt 0:01:24]} 47. Kxh5+ {[%emt 0:00:37]} Kf7 {[%emt 0:00:14]} 48. Kg5 {[%emt 0:00:38]} Re5 {[%emt 0:00:39]} 49. Rd6 {[%emt 0:01:18]} Ke7 {[%emt 0:00:15]} 50. Rgd3 {[%emt 0:00:49]} Re1 {[%emt 0:00:42]} 51. f6+ {[%emt 0:02:04]} Kf7 {[%emt 0:00:01]} 52. Kf5 {[%emt 0:00:02]} Rf1+ {[%emt 0:00:15]} 53. Ke5 {[%emt 0:00:02]} Re1+ {[%emt 0:00:19]} 54. Kd5 {[%emt 0:00:21]} Rc1 {[%emt 0:01:37]} 55. Rd4 {[%emt 0:00:48]} Rc7 {[%emt 0:00:11]} 56. Rh4 {[%emt 0:01:50]} Rdxd7 {[%emt 0:01:18]} 57. Rh7+ {[%emt 0:00:16]} Ke8 {[%emt 0:00:00]} 58. Rhxd7 {[%emt 0:00:15]} Rxd7 {[%emt 0:00:04]} 59. Rxd7 {[%emt 0:00:15]} Kxd7 {[%emt 0:00:10]} 60. Ke5 {[%emt 0:00:01]} Kd8 {[%emt 0:00:31]} 61. Kf5 {[%emt 0:00:18]} Kd7 {[%emt 0:00:23]} 1-0

[Event "4th ChessMates Murmansk 2020"]
[Site "Murmansk"]
[Date "2020.03.15"]
[Round "5.18"]
[White "Pereverzev, Valerii"]
[Black "Chervyakova, Tatiana"]
[Result "1-0"]
[WhiteElo "1379"]
[BlackElo "1489"]
[Annotator "NA RC"]
[PlyCount "84"]
[EventDate "2020.03.13"]
[EventType "team-tourn"]
[EventCountry "RUS"]
[SourceTitle "playchess.com"]
[Source "ChessBase"]
[SourceQuality "1"]
[TimeControl "5400+30"]

1. d4 {[%emt 0:56:01]} d5 {[%emt 0:00:00]} 2. c4 {[%emt 0:00:12]} dxc4 {[%emt 0:00:00]} 3. e4 {[%emt 0:00:09]} Nf6 {[%emt 0:00:00]} 4. Nc3 {[%emt 0:00:11]} c6 {[%emt 0:00:26]} 5. Nf3 {[%emt 0:07:03]} Bg4 {[%emt 0:01:32]} 6. Be2 {[%emt 0:00:09]} e6 {[%emt 0:00:30]} 7. Bg5 {[%emt 0:04:56]} h6 {[%emt 0:01:13]} 8. Bxf6 {[%emt 0:01:23]} Qxf6 {[%emt 0:00:07]} 9. a4 {[%emt 0:03:16]} Bb4 {[%emt 0:02:06]} 10. O-O {[%emt 0:00:18]} O-O {[%emt 0:00:16]} 11. Ne5 {[%emt 0:01:34]} Bxe2 {[%emt 0:02:03]} 12. Qxe2 {[%emt 0:00:12]} Rd8 {[%emt 0:05:43]} 13. Qxc4 {[%emt 0:00:50]} Ba5 {[%emt 0:03:33]} 14. Nf3 {[%emt 0:00:35]} Nd7 {[%emt 0:01:42]} 15. b4 {[%emt 0:00:42]} Bc7 {[%emt 0:00:47]} 16. a5 {[%emt 0:00:53]} Rac8 {[%emt 0:01:58]} 17. Qb3 {[%emt 0:00:33]} g5 {[%emt 0:02:35]} 18. Rfd1 {[%emt 0:02:48]} Nf8 {[%emt 0:01:48]} 19. Ne2 {[%emt 0:04:21]} a6 {[%emt 0:02:02]} 20. Rac1 {[%emt 0:00:42]} Ng6 {[%emt 0:01:36]} 21. Rc3 {[%emt 0:02:52]} Nf4 {[%emt 0:01:50]} 22. Ng3 {[%emt 0:03:52]} h5 {[%emt 0:02:20]} 23. e5 {[%emt 0:00:12]} Qe7 {[%emt 0:02:11]} 24. Re3 {[%emt 0:00:25]} g4 {[%emt 0:02:20]} 25. Ne4 {[%emt 0:01:25]} Nd5 {[%emt 0:02:42]} 26. Ne1 {[%emt 0:00:33]} Kg7 {[%emt 0:02:37]} 27. Nc2 {[%emt 0:00:29]} Rh8 {[%emt 0:02:09]} 28. Nc5 {[%emt 0:00:35]} Bd8 {[%emt 0:05:20]} 29. Re4 {[%emt 0:02:15]} Rh6 {[%emt 0:04:37]} 30. Ne3 {[%emt 0:00:17]} Rg6 {[%emt 0:01:02]} 31. Nxd5 {[%emt 0:00:25]} cxd5 {[%emt 0:02:31]} 32. Re3 {[%emt 0:00:13]} Ra8 {[%emt 0:08:28]} 33. Ra1 {[%emt 0:00:49]} Rc8 {[%emt 0:02:54]} 34. Rc3 {[%emt 0:00:36]} h4 {[%emt 0:03:38]} 35. Kh1 {[%emt 0:02:25]} Rb8 {[%emt 0:06:45]} 36. b5 {[%emt 0:00:21]} Ra8 {[%emt 0:06:09]} 37. b6 {[%emt 0:00:09]} Rb8 {[%emt 0:03:32]} 38. Qa4 {[%emt 0:00:21]} h3 {[%emt 0:03:10]} 39. gxh3 {[%emt 0:01:28]} gxh3 {[%emt 0:00:29]} 40. Rxh3 {[%emt 0:00:35]} Qg5 {[%emt 0:00:25]} 41. Rg3 {[%emt 0:00:15]} Qf4 {[%emt 0:00:21]} 42. Rxg6+ {[%emt 0:00:24]} fxg6 {[%emt 0:00:47]} 1-0

[Event "4th ChessMates Murmansk 2020"]
[Site "Murmansk"]
[Date "2020.03.15"]
[Round "5.20"]
[White "Bueckert, Lucy"]
[Black "Simakov, Vadim"]
[Result "0-1"]
[WhiteElo "1302"]
[BlackElo "1605"]
[Annotator "NA RC"]
[PlyCount "104"]
[EventDate "2020.03.13"]
[EventType "team-tourn"]
[EventCountry "RUS"]
[SourceTitle "playchess.com"]
[Source "ChessBase"]
[SourceQuality "1"]
[TimeControl "5400+30"]

1. f4 {[%emt 0:00:00]} Nf6 {[%emt 0:00:00]} 2. b3 {[%emt 0:00:00]} g6 {[%emt 0:00:00]} 3. Nf3 {[%emt 0:00:00]} Bg7 {[%emt 0:00:00]} 4. Bb2 {[%emt 0:00:00]} d6 {[%emt 0:00:00]} 5. e3 {[%emt 0:00:06]} h5 {[%emt 0:00:06]} 6. Be2 {[%emt 0:01:02]} Nbd7 {[%emt 0:00:14]} 7. O-O O-O {[%emt 0:00:05]} 8. d3 {[%emt 0:00:28]} c5 {[%emt 0:00:09]} 9. Qe1 {[%emt 0:01:27]} b5 {[%emt 0:00:27]} 10. Nbd2 {[%emt 0:00:51]} Nb6 {[%emt 0:00:29]} 11. Qh4 {[%emt 0:01:57]} a5 {[%emt 0:02:42]} 12. Ng5 {[%emt 0:01:41]} Ng4 {[%emt 0:01:09]} 13. Bxg7 {[%emt 0:01:40]} Kxg7 {[%emt 0:00:08]} 14. Rf3 {[%emt 0:03:22]} d5 {[%emt 0:02:28]} 15. Rg3 {[%emt 0:01:59]} Rh8 {[%emt 0:02:21]} 16. Bxg4 {[%emt 0:01:56]} Bxg4 {[%emt 0:00:52]} 17. h3 {[%emt 0:04:42]} Bd7 {[%emt 0:00:44]} 18. e4 {[%emt 0:02:04]} dxe4 {[%emt 0:00:53]} 19. Ndxe4 {[%emt 0:00:42]} Bf5 {[%emt 0:00:38]} 20. Nxc5 {[%emt 0:04:48]} Qd4+ {[%emt 0:00:15]} 21. Kh2 {[%emt 0:01:11]} Qxa1 {[%emt 0:02:23]} 22. Nf3 {[%emt 0:01:50]} Qf6 {[%emt 0:00:31]} 23. d4 {[%emt 0:00:48]} Qxh4 {[%emt 0:00:15]} 24. Nxh4 {[%emt 0:00:11]} Bxc2 {[%emt 0:00:31]} 25. f5 {[%emt 0:00:41]} a4 {[%emt 0:00:48]} 26. fxg6 {[%emt 0:00:58]} fxg6 {[%emt 0:00:09]} 27. Ne6+ {[%emt 0:00:19]} Kf6 {[%emt 0:00:13]} 28. Nf4 {[%emt 0:00:36]} g5 {[%emt 0:00:18]} 29. Rc3 {[%emt 0:00:33]} Rac8 {[%emt 0:01:10]} 30. Rxc8 {[%emt 0:00:19]} Rxc8 {[%emt 0:00:03]} 31. Nxh5+ {[%emt 0:00:24]} Ke6 {[%emt 0:00:11]} 32. Nf3 {[%emt 0:00:15]} axb3 {[%emt 0:00:08]} 33. axb3 {[%emt 0:00:07]} Bxb3 {[%emt 0:00:05]} 34. Nxg5+ {[%emt 0:00:09]} Kd5 {[%emt 0:00:11]} 35. Nf3 {[%emt 0:00:23]} Bc4 {[%emt 0:00:16]} 36. g4 {[%emt 0:00:15]} b4 {[%emt 0:00:06]} 37. Nd2 {[%emt 0:00:30]} Kxd4 {[%emt 0:00:14]} 38. Nxc4 {[%emt 0:00:15]} Nxc4 {[%emt 0:00:04]} 39. Nf4 {[%emt 0:00:09]} b3 {[%emt 0:00:05]} 40. Ne2+ {[%emt 0:00:18]} Ke3 {[%emt 0:00:11]} 41. Nc3 {[%emt 0:00:14]} Nd2 {[%emt 0:00:09]} 42. Na4 {[%emt 0:00:31]} Ra8 {[%emt 0:00:11]} 43. Nb2 {[%emt 0:00:10]} Ra2 {[%emt 0:00:05]} 44. Nd1+ {[%emt 0:00:18]} Kd3 {[%emt 0:00:08]} 45. Nf2+ {[%emt 0:00:09]} Kc2 {[%emt 0:00:06]} 46. g5 {[%emt 0:00:21]} b2 {[%emt 0:00:10]} 47. g6 {[%emt 0:00:16]} b1=Q {[%emt 0:00:07]} 48. g7 {[%emt 0:01:51]} Ra8 {[%emt 0:00:23]} 49. Ng4 {[%emt 0:00:18]} Qe1 {[%emt 0:00:17]} 50. Nh6 {[%emt 0:00:10]} Qf2+ {[%emt 0:00:09]} 51. Kh1 {[%emt 0:00:08]} Nf3 {[%emt 0:00:09]} 52. h4 {[%emt 0:00:22]} Qg1# {[%emt 0:00:06]} 0-1

[Event "4th ChessMates Murmansk 2020"]
[Site "Murmansk"]
[Date "2020.03.15"]
[Round "5.21"]
[White "Galchenko, Matvey"]
[Black "Travadon, Loic"]
[Result "1-0"]
[WhiteElo "2424"]
[BlackElo "2426"]
[Annotator "TA"]
[PlyCount "107"]
[EventDate "2020.03.13"]
[EventType "team-tourn"]
[EventCountry "RUS"]
[SourceTitle "playchess.com"]
[Source "ChessBase"]
[SourceQuality "1"]

{[%evp 12,107,14,12,20,10,14,14,107,91,114,100,163,160,179,176,178,138,136,53,57,54,88,53,116,114,136,98,162,151,212,139,210,210,256,190,195,190,183,143,274,277,270,271,314,308,424,362,336,321,368,332,318,277,326,339,330,327,398,390,375,441,440,433,422,438,439,435,446,434,418,417,582,409,583,579,1204,1252,1356,1315,1341,1228,1045,1008,1474,820,808,813,789,783,748,677,770,743,1371,1106,1642,3243]} 1. c4 b6 2. Nf3 Bb7 3. b3 f5 4. Bb2 e6 5. g3 Nf6 6. Bg2 g6 7. O-O Bg7 {A10: English Opening: Unusual Replies for Black.} 8. d4 O-O 9. Nc3 d6 {[#]} (9... Qe7 $11 {keeps the balance.}) 10. d5 $146 ({Predecessor:} 10. Re1 Ne4 11. e3 Qe7 12. Qc1 Nxc3 13. Bxc3 Nd7 14. Qb2 Rae8 15. Rad1 Be4 16. d5 {0-1 (33) Rian,S (2132)-Hadj Kholti,Y (1924) Chefchaouen 2018}) 10... e5 11. Ng5 Qe7 (11... Bc8 $16) 12. Ne6 $18 Rf7 13. e4 Nxe4 14. Nxe4 fxe4 15. Nxg7 ({White should try} 15. Bxe4 $16 Nd7 16. f4 (16. Nxc7 Nc5 $11)) 15... Rxg7 $14 16. Bxe4 Nd7 {Black is now going downhill.} 17. Qd2 Rf8 {[#]} (17... g5 $14) 18. f4 $1 $16 Rgf7 {...exf4 would now be nice for Black.} 19. Rae1 Bc8 (19... g5 $16) 20. Bg2 $18 Qd8 (20... Qe8 $16 21. Qc2 g5) 21. Qc3 Re7 (21... Qe8 $16 22. Qd2 a6) 22. Bh3 {aiming for Be6+.} Rfe8 23. Be6+ Rxe6 24. dxe6 Rxe6 25. fxe5 dxe5 (25... Nxe5 $16 {keeps fighting.} 26. Re2 Qe8) 26. Qf3 {Qf7+ is the strong threat.} Qe8 27. Rf2 h5 28. Ref1 Kg7 29. Qf7+ Qxf7 30. Rxf7+ Kg8 31. h4 Re8 32. Ba3 a5 33. Re7 Rxe7 34. Bxe7 {[%mdl 4096] Endgame KRB-KBN} e4 35. Bd8 c6 36. Re1 a4 37. Rxe4 axb3 38. axb3 Nf8 39. Bxb6 Kf7 40. Be3 Bf5 41. Re5 Ne6 42. Ra5 Ke8 (42... Bd3 {is a better defense.} 43. Kf2 Ke7) 43. b4 {White is clearly winning.} Bd3 44. b5 cxb5 45. cxb5 Kd7 46. Ra7+ Kd6 47. b6 Be4 48. Kf2 Nd8 49. Rc7 Nb7 50. Bf4+ Ke6 51. Ke3 Bh1 52. Kd4 Na5 53. Kc5 Be4 54. Kb5 {Accuracy: White = 74%, Black = 40%.} 1-0